Mots de la langue française se terminant par "tour" - Statistiques

Statistiques générales
  • Ce quiz a été pris 210 fois
  • Le résultat moyen est 9 sur 13
Statistiques - réponses
Indice Mot % Correct
construction en hauteur tour
96%
grand rapace charognard vautour
95%
aux environs alentour
93%
fait de s'éloigner du chemin le plus direct détour
93%
dans l'espace environnant autour
86%
fait de revenir à son point de départ retour
86%
limite extérieure d'un corps contour
73%
parure de femme atour
65%
ligne faisant le tour d'un lieu, d'un objet ou d'une surface pourtour
65%
parc national des Alpes Mercantour
57%
dans les environs de, à l'... entour
48%
parti politique tunisien fondé en 1920 destour
7%
cithare santour
1%
Aucun quiz correspondant
Distribution des résultats
% des personnes avec chaque résultat
Percentile par nombre de réponses
Votre historique - résultats
Vous n’avez pas pris ce quiz